000 00678nam a2200217 a 4500
999 _c2190
_d2190
001 2190
003 BD-JhCC
005 20171030191304.0
008 171030s2000 bg ||||| ||a| 00| 0 en d
035 _a(BD-JhCC)2190
040 _aBD-JhCC
_dBD-JhCC
041 _aben
082 _a330.954492
_bMOH 2000
100 _aমুহাম্মদ, আনু
245 _aবাংলদেশের অর্থনীতির চালচিত্র /
_cআনু মুহাম্মদ
260 _aঢাকা :
_bশ্রাবন প্রকাশনী,
_c2000.
300 _a157 p. :
_c21 cm.
650 _aEconomic Condition
942 _2ddc
_cBK